| 000 | 00454nam a2200145Ia 4500 | ||
|---|---|---|---|
| 008 | 140724s9999 xx 000 0 und d | ||
| 050 |
_aRT 41 _b.C382 2009 |
||
| 100 | _aCavite, Dan Avery. | ||
| 245 |
_aEmbodiment of 5C's among SISC BSN Graduates / _cDan Avery Cavite. |
||
| 260 |
_aLas PiƱas, Philippines : _bSouthville International School and Colleges, _cc2009. |
||
| 300 |
_a65 p. : _c28 cm. |
||
| 521 | _aNursing | ||
| 942 | _cTH | ||
| 999 |
_c229067 _d229067 |
||